| 000 | 00614nam a2200205 i 4500 | ||
|---|---|---|---|
| 001 | 67561 | ||
| 003 | ES-MaACL | ||
| 005 | 20230906170113.0 | ||
| 007 | t| | ||
| 008 | 040603s2003 sp ||||0| spa d | ||
| 020 | _a84-932106-4-1 | ||
| 040 |
_aM-BN _bspa _cM-BN |
||
| 080 | _a821.134.2-14"20" | ||
| 100 | 1 |
_aAldaya Marín, Daniel. _919618 |
|
| 245 | 1 | 0 |
_aInventario de panes y peces / _cDaniel Aldaya Marín ; prólogo de Tomás Yerro Villanueva. |
| 260 |
_aPamplona : _bFecit, _c[2003] |
||
| 300 |
_a78 p ; _c23 cm. |
||
| 700 | 1 |
_aYerro Villanueva, Tomás. _9117628 |
|
| 852 |
_aES-MaACL _jL-27803 _bR.133328 |
||
| 999 |
_c67561 _d67561 |
||